Pays les plus touchés par le terrorisme depuis 2001 - Statistiques

Statistiques générales
  • Ce quiz a été pris 828 fois
  • Le résultat moyen est 10 sur 20
Statistiques - réponses
Position Pays Nombre de tués % Correct
1 Irak 49083
89%
6 Syrie 5925
85%
2 Afghanistan 20169
76%
3 Pakistan 16472
74%
5 Inde 7463
68%
10 Russie 2783
65%
12 Algérie 2598
59%
8 Yémen 4028
59%
4 Nigéria 12698
55%
7 Somalie 4898
55%
9 Soudan 2854
52%
13 République Démocratique du Congo 2424
47%
19 Soudan du Sud 1202
36%
18 Ukraine 1400
29%
16 Colombie 1866
27%
20 République Centrafricaine 1004
22%
15 Thaïlande 2045
19%
11 Philippines 2690
18%
14 Sri Lanka 2257
16%
17 Népal 1720
15%
Aucun quiz correspondant
Distribution des résultats
% des personnes avec chaque résultat
Percentile par nombre de réponses
Votre historique - résultats
Vous n’avez pas pris ce quiz